Его Превосходительству В.К. Фон-Плеве. Милостивый Государь Вячеслав Константинович. Препровождая при сем копию с моего письма Государственному Контролеру от 29 минувшего Ноября за № 8351, с приложением о разницах между суммами, вырученными по эксплоатации казенных железных дорог за 1892-1895 гг. ... (Запись № 12190333)

Подробности
000 -МАРКЕР
контрольное поле 02336nam0a2200337 4500
001 - ИДЕНТИФИКАТОР ЗАПИСИ
контрольное поле RU\NLR\BIBL_A\012161057
005 - ИДЕНТИФИКАТОР ВЕРСИИ
контрольное поле 20260407114729.0
035 ## - ДРУГИЕ СИСТЕМНЫЕ НОМЕРА
Идентификатор записи (NLR Aleph) 012161057
100 ## - ДАННЫЕ ОБЩЕЙ ОБРАБОТКИ
Данные общей обработки 20191211d1897 |||y0rusy50 ca
101 0# - ЯЗЫК РЕСУРСА
Язык текста, звукозаписи и т.д. русский
102 ## - СТРАНА ПУБЛИКАЦИИ ИЛИ ПРОИЗВОДСТВА
Страна публикации Российская Федерация
105 ## - ПОЛЕ КОДИРОВАННЫХ ДАННЫХ: ТЕКСТОВЫЕ МАТЕРИАЛЫ, МОНОГРАФИЧЕСКИЕ
Кодированные данные о монографическом текстовом документе y z 000zy
200 1# - ЗАГЛАВИЕ И СВЕДЕНИЯ ОБ ОТВЕТСТВЕННОСТИ
Основное заглавие Его Превосходительству В.К. Фон-Плеве. Милостивый Государь Вячеслав Константинович. Препровождая при сем копию с моего письма Государственному Контролеру от 29 минувшего Ноября за № 8351, с приложением о разницах между суммами, вырученными по эксплоатации казенных железных дорог за 1892-1895 гг. ...
Первые сведения об ответственности Витте
Последующие сведения об ответственности Министр Финансов. 6 декабря 1897 года. № 8547
210 ## - ПУБЛИКАЦИЯ, РАСПРОСТРАНЕНИЕ И ДР.
Место издания, распространения и т.д. [С.-Петербург
Имя издателя, распространителя и т. д. б. и.]
Дата издания, распространения и т.д. 1897
215 ## - ФИЗИЧЕСКАЯ ХАРАКТЕРИСТИКА
Специфическое обозначение материала и объем 1 с.
Размеры 33
300 ## - ОБЩИЕ ПРИМЕЧАНИЯ
Текст примечания На стр. 1: DXCVI, 2
309 ## - ПРИМЕЧАНИЯ ОБ ОСНОВНОМ ИСТОЧНИКЕ ИНФОРМАЦИИ И ОБ ОСОБЕННОСТЯХ ПОЛИГРАФИЧЕСКОГО ОФОРМЛЕНИЯ ИЗДАНИЯ
Текст примечания Без тит. л. и обл.
517 1# - ДРУГИЕ ВАРИАНТЫ ЗАГЛАВИЯ
Вариант заглавия Милостивый Государь, Вячеслав Константинович. Препровождая при сем копию с моего письма Государственному Контролеру от 29 минувшего Ноября за № 8351, с приложением о разницах между суммами, вырученными по эксплоатации казенных железных дорог за 1892-1895 гг. ...
606 1# - НАИМЕНОВАНИЕ ТЕМЫ КАК ПРЕДМЕТ
Наименование темы Государственные доходы
Формальный подзаголовок Документы и материалы
Географический подзаголовок Россия
Системный номер авторитетной/нормативной записи 2334622
Идентификатор авторитетной/нормативной записи RU\NLR\AUTH\6601619823
686 3# - ИНДЕКСЫ ДРУГИХ КЛАССИФИКАЦИЙ
Индекс У26(28)141,011
700 #1 - ИМЯ ЛИЦА - ПЕРВИЧНАЯ ОТВЕТСТВЕННОСТЬ
Материалы, к которым относится поле rus
Графика поля Кириллица
Начальный элемент ввода Витте
Часть имени, кроме начального элемента ввода С. Ю.
Даты 1849-1915
Расширение инициалов личного имени Сергей Юльевич
Идентификатор авторитетной/нормативной записи RU\NLR\AUTH\772753
Системный номер авторитетной/нормативной записи 112761
702 #1 - ИМЯ ЛИЦА - ВТОРИЧНАЯ ОТВЕТСТВЕННОСТЬ
Код отношения Прочие
Материалы, к которым относится поле rus
Графика поля Кириллица
Начальный элемент ввода Плеве
Часть имени, кроме начального элемента ввода В.К.
Даты 1846-1904
Расширение инициалов личного имени Вячеслав Константинович
Идентификатор авторитетной/нормативной записи RU\NLR\AUTH\77525
Системный номер авторитетной/нормативной записи 110574
712 01 - НАИМЕНОВАНИЕ ОРГАНИЗАЦИИ - ВТОРИЧНАЯ ОТВЕТСТВЕННОСТЬ
Код отношения Прочие
Начальный элемент ввода Россия
Структурное подразделение Министерство финансов
Идентификатор авторитетной/нормативной записи RU\NLR\AUTH\889947360
Системный номер авторитетной/нормативной записи 390360
852 ## - МЕСТОНАХОЖДЕНИЕ И ШИФР ХРАНЕНИЯ
Идентификатор организации NLR
Шифр хранения (Call Number) 135/294-329(30-1)
942 ## - ДОПОЛНИТЕЛЬНЫЕ ЭЛЕМЕНТЫ ЗАПИСИ (АБИС)
Тип экземпляра АБИС Книга
980 ## - КОЛЛЕКЦИЯ
Название коллекции Национальная библиография

Нет доступных экземпляров.